000122889 001__ 122889
000122889 005__ 20230329090339.0
000122889 020__ $$a978-1-85233-622-6 (print)
000122889 020__ $$a978-1-4471-0361-5 (electronic)
000122889 0247_ $$2doi$$a10.1007/978-1-4471-0361-5
000122889 037__ $$aERESRWTH-2020-00033
000122889 1001_ $$0P:(DE-HGF)0$$aJones, Gareth A.$$b0
000122889 245__ $$aInformation and Coding Theory
000122889 260__ $$aLondon$$bSpringer London$$c2000
000122889 300__ $$a-
000122889 3367_ $$2BibTeX$$aBOOK
000122889 3367_ $$0PUB:(DE-HGF)3$$2PUB:(DE-HGF)$$aBook$$bbook$$mbook$$s1680073399_5978
000122889 3367_ $$2DataCite$$aOutput Types/Book
000122889 3367_ $$2ORCID$$aBOOK
000122889 3367_ $$01$$2EndNote$$aBook
000122889 3367_ $$2DRIVER$$abook
000122889 4900_ $$aSpringer Undergraduate Mathematics Series
000122889 500__ $$aOnline-Ressource  [Zugriff nur im Hochschulnetz der RWTH Aachen bzw. für autorisierte Benutzer]
000122889 588__ $$aDataset connected to CrossRef Book Series
000122889 7001_ $$0P:(DE-HGF)0$$aMary Jones, J.$$b1
000122889 773__ $$a10.1007/978-1-4471-0361-5
000122889 8564_ $$uhttps://ebookcentral.proquest.com/lib/rwthaachen-ebooks/detail.action?docID=3074010
000122889 909CO $$ooai:reserves.ub.rwth-aachen.de:122889$$pVDB
000122889 9151_ $$0StatID:(DE-HGF)2101$$2StatID$$aCopyright-Prüfung / Check copyright$$x0
000122889 9201_ $$0I:(DE-RON)20ss-12.35067$$k20ss-12.35067$$lProseminar Informationstheorie (PS) [12.35067]$$x0
000122889 9201_ $$0I:(DE-RON)21ws-12.35067$$k21ws-12.35067$$lProseminar Informationstheorie Gruppe 1 (PS) [21ws-12.35067]$$x1
000122889 9201_ $$0I:(DE-RON)22ss-12.35067$$k22ss-12.35067$$lProseminar Informationsstheorie Gruppe 1 (PS) [22ss-12.35067]$$x2
000122889 9201_ $$0I:(DE-RON)23ss-12.30003$$k23ss-12.30003$$lProseminar Informationsstheorie Gruppe 2 (PS) [23ss-12.30003]$$x3
000122889 9201_ $$0I:(DE-RON)23ss-12.35067$$k23ss-12.35067$$lProseminar Informationsstheorie Gruppe 1 (PS) [23ss-12.35067]$$x4
000122889 961__ $$c2023-03-29T09:03:35.508677$$i2020-04-02T00:57:10.623971$$x2020-04-02T00:57:10.623971$$z2023-03-29T09:03:35.508677
000122889 980__ $$abook
000122889 980__ $$aVDB
000122889 980__ $$aI:(DE-RON)20ss-12.35067
000122889 980__ $$aI:(DE-RON)21ws-12.35067
000122889 980__ $$aI:(DE-RON)22ss-12.35067
000122889 980__ $$aI:(DE-RON)23ss-12.30003
000122889 980__ $$aI:(DE-RON)23ss-12.35067
000122889 980__ $$aUNRESTRICTED